[Event "56th World U20 ch"]
[Site "Tarvisio ITA"]
[Date "2017.11.21"]
[Round "8.25"]
[White "Basso, Pierluigi"]
[Black "Tutisani, Noe"]
[Result "1/2-1/2"]
[WhiteElo "2470"]
[BlackElo "2361"]
[EventDate "2017.11.13"]
[PlyCount "61"]

1.d4 Nf6 2.c4 g6 3.Nc3 d5 4.cxd5 Nxd5 5.e4 Nxc3 6.bxc3 Bg7 7.Nf3 c5 8.Rb1 
O-O 9.Be2 cxd4 10.cxd4 Qa5+ 11.Bd2 Qxa2 12.O-O Nd7 13.Qc1 Nb6 14.h3 Bd7 
15.Qc7 Qe6 16.Rfe1 Qd6 17.Bf4 Qxc7 18.Bxc7 e6 19.Bxb6 axb6 20.Rxb6 Ra5 21.
Bc4 Bc6 22.d5 exd5 23.exd5 Bxd5 24.Bxd5 Rxd5 25.Rxb7 Bf6 26.Reb1 Rfd8 27.
Rb8 Rxb8 28.Rxb8+ Kg7 29.Rc8 Rd3 30.Rc2 h5 31.h4 $11 1/2-1/2

[Event "56th World U20 ch"]
[Site "Tarvisio ITA"]
[Date "2017.11.21"]
[Round "8.26"]
[White "Batsuren, Dambasuren"]
[Black "Jarmula, Lukasz"]
[Result "0-1"]
[WhiteElo "2352"]
[BlackElo "2470"]
[EventDate "2017.11.13"]
[PlyCount "88"]

1.d4 Nf6 2.c4 c5 3.d5 b5 4.Nf3 Bb7 5.Bg5 Ne4 6.Bf4 bxc4 7.Nc3 Nxc3 8.bxc3 
e6 9.e4 exd5 10.Rb1 Qc8 11.exd5 Be7 12.Bxc4 O-O 13.O-O Ba6 14.Qe2 Bxc4 15.
Qxc4 d6 16.Rfe1 Re8 17.Nd4 Bf8 18.Nb5 Rd8 19.Bg5 Rd7 20.Re3 Na6 21.Rbe1 
Nc7 22.Nxc7 Rxc7 23.Qe4 h6 24.Rh3 f5 25.Qh4 Qb7 26.c4 Re8 27.Bd2 Rce7 28.
Rhe3 Rxe3 29.Bxe3 Re4 30.Qh5 Qb4 31.Qd1 Qxc4 32.g3 Qxa2 33.Re2 Qa4 34.Qb1 
Qc4 35.Ra2 Qxd5 36.Rxa7 Rb4 37.Qf1 Qc4 38.Qd1 Qe4 39.Ra1 d5 40.h3 d4 41.
Bf4 c4 42.Qf1 d3 43.Re1 Qd5 44.Re5 Qb7 0-1

[Event "56th World U20 ch"]
[Site "Tarvisio ITA"]
[Date "2017.11.21"]
[Round "8.27"]
[White "Bilguun, Sumiya"]
[Black "Xu Yining"]
[Result "1/2-1/2"]
[WhiteElo "2460"]
[BlackElo "2321"]
[EventDate "2017.11.13"]
[PlyCount "64"]

1.e4 d6 2.d4 Nf6 3.Nc3 g6 4.Be3 a6 5.Bd3 Bg7 6.h3 O-O 7.Nf3 Nc6 8.Qd2 e5 
9.d5 Ne7 10.Ne2 Nexd5 11.exd5 e4 12.Bc4 exf3 13.gxf3 c5 14.a3 Nd7 15.Nc3 
b5 16.Be2 Nb6 17.Bh6 Bf5 18.Bxg7 Kxg7 19.h4 Qf6 20.O-O-O Ra7 21.h5 Re8 22.
Bd3 b4 23.hxg6 fxg6 24.axb4 cxb4 25.Ne4 Bxe4 26.fxe4 Na4 27.Qxb4 Nc5 28.f3
Rb7 29.Qc3 Qxc3 30.bxc3 Rf7 31.Be2 g5 32.Kd2 a5 1/2-1/2

[Event "56th World U20 ch"]
[Site "Tarvisio ITA"]
[Date "2017.11.21"]
[Round "8.28"]
[White "Wang Tongsen"]
[Black "Lobanov, Sergei"]
[Result "0-1"]
[WhiteElo "2396"]
[BlackElo "2435"]
[EventDate "2017.11.13"]
[PlyCount "106"]

1.e4 c5 2.Nf3 Nc6 3.d4 cxd4 4.Nxd4 e5 5.Nb5 d6 6.N1c3 a6 7.Na3 b5 8.Nd5 
Nge7 9.c4 Nd4 10.cxb5 Nxd5 11.exd5 g6 12.Be3 Nf5 13.bxa6 Nxe3 14.Bb5+ Bd7 
15.Bxd7+ Qxd7 16.fxe3 Bh6 17.Qd3 O-O 18.O-O Qa7 19.Nc2 f5 20.Kh1 Qxa6 21.
Qxa6 Rxa6 22.a4 Rfa8 23.b3 Kg7 24.g4 fxg4 25.e4 Bd2 26.Rad1 Bf4 27.Rd3 Rb6
28.Ra1 Rc8 29.Na3 Ra6 30.Nc4 Kf6 31.Ra2 h5 32.Rc3 Rb8 33.a5 Rb4 34.Kg2 Kg5
35.Ra4 Rxa4 36.bxa4 h4 37.Rb3 h3+ 38.Kg1 Ra8 39.Rb6 g3 40.hxg3 Bxg3 41.a6 
Rc8 42.Rc6 Rf8 43.Nd2 Kg4 44.Rxd6 g5 45.Nf1 Bf2+ 46.Kh1 Bd4 47.Nh2+ Kg3 
48.Rg6 Be3 49.a7 Rf2 50.Rxg5+ Bxg5 51.a8=Q Rxh2+ 52.Kg1 Rg2+ 53.Kh1 Rb2 
0-1

[Event "56th World U20 ch"]
[Site "Tarvisio ITA"]
[Date "2017.11.21"]
[Round "8.29"]
[White "Petrov, Martin"]
[Black "Taalaibekov, Tagir"]
[Result "1-0"]
[WhiteElo "2431"]
[BlackElo "2219"]
[EventDate "2017.11.13"]
[PlyCount "95"]

1.c4 Nf6 2.g3 e5 3.Bg2 Nc6 4.Nc3 Bc5 5.a3 a5 6.e3 d6 7.Nge2 O-O 8.O-O Bf5 
9.d4 Ba7 10.Nb5 Bb6 11.Nec3 Re8 12.Na4 Ba7 13.Nxa7 Rxa7 14.Nc3 Qd7 15.d5 
Ne7 16.e4 Bh3 17.Bg5 Bxg2 18.Kxg2 Kh8 19.Bxf6 gxf6 20.f4 Ra6 21.fxe5 dxe5 
22.Qh5 Ng6 23.Rf2 Rg8 24.Kh1 Nf8 25.Raf1 Rg6 26.c5 Kg7 27.Rf5 h6 28.Qe2 
Nh7 29.Qb5 Qc8 30.Nd1 c6 31.Qc4 cxd5 32.exd5 Ng5 33.Ne3 a4 34.h4 Nh7 35.
Kh2 Nf8 36.h5 Rg5 37.Rxg5+ hxg5 38.Nf5+ Kh8 39.c6 Rb6 40.Rf2 bxc6 41.Ne7 
Qb8 42.Nxc6 Qd6 43.Nb4 Qd7 $11 44.Qc5 Rd6 45.Nc2 Nh7 46.Ne3 g4 47.Qb4 Qe7 
48.Re2 {... 55 moves} 1-0

[Event "56th World U20 ch"]
[Site "Tarvisio ITA"]
[Date "2017.11.21"]
[Round "8.30"]
[White "Macovei, Andrei"]
[Black "Vrolijk, Liam"]
[Result "1-0"]
[WhiteElo "2343"]
[BlackElo "2425"]
[EventDate "2017.11.13"]
[PlyCount "77"]

1.e4 e5 2.Nf3 Nc6 3.Bb5 a6 4.Ba4 Nf6 5.O-O Be7 6.Re1 b5 7.Bb3 d6 8.c3 O-O 
9.h3 Nb8 10.d4 Nbd7 11.c4 c6 12.a3 bxc4 13.Bxc4 Nxe4 14.dxe5 d5 15.Ba2 
Ndc5 16.Qc2 Bd7 17.Nc3 Rb8 18.Be3 Nxc3 19.bxc3 g6 20.Nd4 Ne6 21.Nf3 Qa5 
22.c4 Bxa3 23.cxd5 cxd5 24.Bxd5 Qxd5 25.Rxa3 Rfc8 26.Qd2 Qb7 27.Ng5 Ng7 
28.Bf4 Be6 29.Ne4 Qc6 30.Nd6 Rd8 31.Rc1 Qa8 32.Qe2 Nh5 33.Bg5 Rd7 34.Rxa6 
Qd5 35.Rd1 Qb3 36.Rda1 Qd5 37.R6a5 Qc6 38.Rc1 Ng3 39.fxg3 1-0

[Event "56th World U20 ch"]
[Site "Tarvisio ITA"]
[Date "2017.11.21"]
[Round "8.31"]
[White "Holtman, Teodor"]
[Black "Rakotomaharo, Fy Antenaina"]
[Result "0-1"]
[WhiteElo "2296"]
[BlackElo "2414"]
[EventDate "2017.11.13"]
[PlyCount "88"]

1.e4 c5 2.Nf3 d6 3.d4 cxd4 4.Nxd4 Nf6 5.Nc3 a6 6.h3 e5 7.Nde2 h5 8.g3 Nbd7
9.a4 b6 10.Bg2 Bb7 11.O-O Be7 12.Nd5 Rc8 13.Nxe7 Qxe7 14.Nc3 Qe6 15.Re1 
O-O 16.Bg5 Rc4 17.Re2 Rd4 18.Qe1 Rc8 19.b3 Rxc3 20.Qxc3 Nxe4 21.Qc7 Nxg5 
22.Qd8+ Nf8 23.Qxg5 Bxg2 24.Kxg2 Qd5+ 25.Kh2 h4 26.c4 Qc6 27.Qc1 Ne6 28.
Qh1 hxg3+ 29.Kxg3 Qxh1 30.Rxh1 Nc5 31.Re3 f5 32.Kf3 Kf7 33.a5 bxa5 34.Ra1 
f4 35.Rc3 Ne4 36.Rc2 Nd2+ 37.Rxd2 Rxd2 38.Rxa5 Ke6 39.Rxa6 Kf5 40.Kg2 e4 
41.Ra5+ Kf6 42.Kg1 f3 43.h4 Rd1+ 44.Kh2 e3 0-1

[Event "56th World U20 ch"]
[Site "Tarvisio ITA"]
[Date "2017.11.21"]
[Round "8.32"]
[White "Pichot, Alan"]
[Black "Sidhant, Mohapatra"]
[Result "0-1"]
[WhiteElo "2568"]
[BlackElo "2371"]
[EventDate "2017.11.13"]
[PlyCount "94"]

1.e4 e5 2.Nf3 Nc6 3.Bb5 a6 4.Ba4 Nf6 5.d3 b5 6.Bb3 Be7 7.O-O Bb7 8.Nc3 O-O
9.Re1 d6 10.a3 Qd7 11.Ne2 Nd8 12.Ng3 Ne6 13.Ng5 c5 14.Nf5 Bd8 15.Qf3 Nd4 
16.Nxd4 cxd4 17.a4 h6 18.Nh3 Ba5 19.Re2 Qg4 20.Qxg4 Nxg4 21.f3 Nf6 22.g4 
Nd7 23.g5 Kh7 24.Rg2 g6 25.gxh6 f6 26.f4 Nc5 27.Ba2 bxa4 28.f5 gxf5 29.
Rg7+ Kh8 30.exf5 Rac8 31.Nf2 Rc7 32.Bd2 Bb6 33.Ng4 d5 34.Kh1 Rff7 35.Rg1 
Rxg7 36.hxg7+ Rxg7 37.Bh6 Rg8 38.Nxf6 Rxg1+ 39.Kxg1 e4 40.Bxd5 exd3 41.
Bxb7 dxc2 42.Nd5 Kh7 43.Bf4 Ba5 44.Bc6 d3 45.Bxa4 Nxa4 46.b4 Nc3 47.Bd2 
Ne4 0-1

[Event "56th World U20 ch"]
[Site "Tarvisio ITA"]
[Date "2017.11.21"]
[Round "8.33"]
[White "Van Foreest, Lucas"]
[Black "Zarubitsky, Viachaslau"]
[Result "1/2-1/2"]
[WhiteElo "2474"]
[BlackElo "2344"]
[EventDate "2017.11.13"]
[PlyCount "72"]

1.e4 e5 2.Bc4 Nf6 3.d3 Nc6 4.Nf3 Be7 5.O-O d6 6.Re1 O-O 7.a4 Be6 8.Bxe6 
fxe6 9.c3 Kh8 10.b4 Qe8 11.Na3 Qg6 12.Nc4 Nh5 13.b5 Nb8 14.a5 Nd7 15.Ra2 
Rf7 16.Be3 Raf8 17.Ncd2 Nf4 18.Bxf4 Rxf4 19.Qe2 d5 20.Kh1 Bd6 21.Nf1 Nc5 
22.Ng3 c6 23.a6 bxa6 24.bxc6 Qe8 25.exd5 exd5 26.Nxe5 Bxe5 27.Qxe5 Qxc6 
28.Qe3 R4f6 29.Qd4 Rf4 30.Qe3 R4f6 31.Rb1 Re6 32.Qd4 Qb5 33.Rf1 Nxd3 34.
Qxa7 Qc4 35.Ra3 $11 h5 36.Kg1 Nf4 {... 91 moves} 1/2-1/2

[Event "56th World U20 ch"]
[Site "Tarvisio ITA"]
[Date "2017.11.21"]
[Round "8.34"]
[White "Timerkhanov, Alexander"]
[Black "Morozov, Nichita"]
[Result "1/2-1/2"]
[WhiteElo "2312"]
[BlackElo "2467"]
[EventDate "2017.11.13"]
[PlyCount "75"]

1.d4 g6 2.e4 Bg7 3.c4 d6 4.Nc3 Nf6 5.Nf3 O-O 6.h3 e5 7.d5 Na6 8.Be3 Nh5 9.
g3 f5 10.exf5 gxf5 11.Nh4 Nf4 12.gxf4 Qxh4 13.Rg1 Kh8 14.Qd2 Bd7 15.O-O-O 
Rae8 16.fxe5 f4 17.Bxa7 Bxe5 18.Bd4 Bf5 19.Bxe5+ Rxe5 20.Qd4 Nc5 21.b4 Nd7
22.Bd3 Bxd3 23.Rxd3 Qf6 24.Kc2 Qf5 25.Kb3 Rf6 26.Rf3 c5 27.dxc6 bxc6 28.a3
Re8 29.Rg4 Nc5+ 30.Kb2 Na4+ 31.Kc1 c5 32.Qd5 Nxc3 33.Rxc3 Qxd5 34.cxd5 
cxb4 35.axb4 Rf5 36.Rf3 Re4 37.Rc3 h5 38.Rc8+ 1/2-1/2

[Event "56th World U20 ch"]
[Site "Tarvisio ITA"]
[Date "2017.11.21"]
[Round "8.35"]
[White "Nie Xinyang"]
[Black "Harsha, Bharathakoti"]
[Result "0-1"]
[WhiteElo "2288"]
[BlackElo "2445"]
[EventDate "2017.11.13"]
[PlyCount "94"]

1.d4 d5 2.c4 e6 3.Nc3 c6 4.Nf3 Nf6 5.Bg5 h6 6.Bxf6 Qxf6 7.e3 Nd7 8.Bd3 
dxc4 9.Bxc4 g6 10.O-O Bg7 11.b4 O-O 12.Rc1 Qe7 13.b5 c5 14.d5 Ne5 15.Nxe5 
Bxe5 16.f4 Bg7 17.e4 exd5 18.Bxd5 Bd4+ 19.Kh1 Be6 20.Bxe6 Qxe6 21.Qf3 Rad8
22.f5 Qe5 23.Ne2 g5 24.Ng3 Rd6 25.Rc4 Qe7 26.Qg4 b6 27.a4 f6 28.h4 Be5 29.
Ne2 Qf7 30.Rcc1 Rfd8 31.Nf4 Bxf4 32.Rxf4 Rd4 33.a5 Kh7 34.hxg5 hxg5 35.
Rff1 Re8 36.Rfe1 Kg7 37.Kg1 Re7 38.axb6 axb6 39.Ra1 Qe8 40.Qg3 Rdxe4 41.
Rxe4 Rxe4 42.Qc7+ Kh6 43.Qxb6 Qe5 44.Ra3 g4 45.Rg3 Re1+ 46.Kh2 Re3 47.Kg1 
Rxg3 0-1

[Event "56th World U20 ch"]
[Site "Tarvisio ITA"]
[Date "2017.11.21"]
[Round "8.36"]
[White "Peng Hongchi"]
[Black "Zhu Yi"]
[Result "0-1"]
[WhiteElo "2223"]
[BlackElo "2432"]
[EventDate "2017.11.13"]
[PlyCount "112"]

1.d4 d6 2.c4 e5 3.dxe5 dxe5 4.Qxd8+ Kxd8 5.Nc3 Be6 6.b3 Nd7 7.Bb2 c6 8.Nf3
f6 9.g3 Kc7 10.Bg2 Nh6 11.O-O Nf7 12.Rac1 Rd8 13.Rfd1 Kb8 14.e3 Be7 15.Rd2
g5 16.Rcd1 h5 17.h3 Kc8 18.Nh2 Rdg8 19.Nf1 f5 20.Bd5 Nf8 21.Bxe6+ Nxe6 22.
a3 Rh7 23.Rd7 Re8 24.b4 g4 25.b5 cxb5 26.cxb5 gxh3 27.b6 axb6 28.Na4 Bc5 
29.Bxe5 Nxe5 30.Rxh7 Ng5 31.Nxc5 Nxh7 32.Na4 Nf3+ 33.Kh1 Re6 34.Nd2 Nhg5 
35.Nxf3 Nxf3 36.Nb2 Kb8 37.Nd3 Rd6 38.Nb2 Rxd1+ 39.Nxd1 Kc7 40.Nc3 Kc6 41.
e4 fxe4 42.Nxe4 Kb5 43.Nd6+ Ka4 44.Nxb7 Kxa3 45.Nd6 Ka4 46.Ne4 h2 47.Nf6 
b5 48.Nxh5 b4 49.Nf4 b3 50.Ne2 b2 51.Nc3+ Kb3 52.Nb1 Kc2 53.Na3+ Kc3 54.
Nb1+ Kd3 55.Na3 Nd2 56.Kxh2 Nc4 0-1

[Event "56th World U20 ch"]
[Site "Tarvisio ITA"]
[Date "2017.11.21"]
[Round "8.37"]
[White "Bayramov, Elkhan"]
[Black "Vykouk, Jan"]
[Result "1/2-1/2"]
[WhiteElo "2065"]
[BlackElo "2430"]
[EventDate "2017.11.13"]
[PlyCount "114"]

1.e4 c5 2.Nf3 Nc6 3.Nc3 e6 4.d4 cxd4 5.Nxd4 d6 6.Be3 a6 7.a4 Nf6 8.Be2 Be7
9.O-O O-O 10.f4 Qc7 11.Bf3 Na5 12.Kh1 e5 13.Nde2 b6 14.Qe1 Bb7 15.Rd1 b5 
16.Ng3 Nc4 17.axb5 Rfe8 18.Nf5 Bf8 19.b6 Nxb6 20.Qg3 Nc4 21.fxe5 Nxe3 22.
Nxg7 Nxf1 23.Rxf1 Nxe4 24.Nxe4 Bxg7 25.Nf6+ Kh8 26.Qh4 h6 27.exd6 Qd8 28.
Bxb7 Rb8 29.Bd5 Rxb2 30.h3 Re5 31.Qd4 Bxf6 32.Qxb2 Re1 33.Qxf6+ Qxf6 34.
Rxe1 Qxd6 35.Bxf7 Kg7 36.Bb3 a5 37.Re4 Kf6 38.Ra4 Qc5 39.Rc4 Qf2 40.Ra4 
Qe1+ 41.Kh2 Ke5 42.Rg4 Qd2 43.Rc4 Kd6 44.Kh1 h5 45.Kh2 Qe1 46.Ba4 Qe5+ 47.
Kh1 Qe2 48.Bb3 Qf2 49.Kh2 Qf5 50.Kh1 Qe5 51.Ba4 Qh8 52.Bb3 Qf6 53.Kh2 Qf1 
54.Ra4 Qe1 55.Rc4 Qe5+ 56.Kh1 Qe1+ 57.Kh2 Qe5+ 1/2-1/2

[Event "56th World U20 ch"]
[Site "Tarvisio ITA"]
[Date "2017.11.21"]
[Round "8.38"]
[White "Nikolovski, Nikola"]
[Black "Sadhwani, Raunak"]
[Result "1/2-1/2"]
[WhiteElo "2412"]
[BlackElo "2339"]
[EventDate "2017.11.13"]
[PlyCount "136"]

1.e4 c6 2.Nf3 d5 3.exd5 cxd5 4.Ne5 Nc6 5.d4 Nf6 6.Bb5 Bd7 7.Nxd7 Qxd7 8.c3
a6 9.Bd3 Qg4 10.Qxg4 Nxg4 11.h3 Nf6 12.Bf4 e6 13.Nd2 Kd7 14.a4 b6 15.O-O 
Bd6 16.Bxd6 Kxd6 17.f4 h5 18.Nf3 g6 19.Ne5 Nd8 20.g3 Re8 21.Kg2 Ke7 22.Ra3
a5 23.g4 Rg8 24.Kf3 Nd7 25.Rg1 Rh8 26.Raa1 Nb7 27.Kg3 Nd6 28.g5 Rhc8 29.
Ra3 Kd8 30.Rb3 Rab8 31.Re1 Nf8 32.Kf3 Ke7 33.h4 Rc7 34.Ke2 Nd7 35.Kf3 Nf8 
36.Bb5 Rbc8 37.Ba6 Rb8 38.Bb5 Rbc8 39.Kf2 Nf5 40.Rh1 Nd6 41.Ke3 Nf5+ 42.
Kd3 Nd6 43.Ra3 Ne4 44.Rh2 Nd6 45.Ra1 Nf5 46.Rc1 Nd6 47.Rh3 Ne4 48.Rc2 Nd6 
49.Rh1 Nf5 50.Rcc1 Nd6 51.Rh2 Nf5 52.b3 Nh7 53.c4 Nf8 54.Nf3 Nd7 55.Bxd7 
Kxd7 56.Rhc2 Kd6 57.Rc3 Rc6 58.Ne5 R6c7 59.c5+ bxc5 60.dxc5+ Ke7 61.c6 Rb8
62.Kd2 Nxh4 63.Rb1 Nf5 64.Rc5 Nd6 65.Kc2 Rb4 66.Rxa5 Rxf4 67.Re1 h4 68.Kd2
Re4 {... 102 moves} 1/2-1/2

[Event "56th World U20 ch"]
[Site "Tarvisio ITA"]
[Date "2017.11.21"]
[Round "8.39"]
[White "Keymer, Vincent"]
[Black "Sukovic, Andrej"]
[Result "1-0"]
[WhiteElo "2405"]
[BlackElo "2306"]
[EventDate "2017.11.13"]
[PlyCount "101"]

1.d4 Nf6 2.c4 g6 3.Nf3 Bg7 4.g3 O-O 5.Bg2 d6 6.O-O Nc6 7.Nc3 a6 8.b3 Rb8 
9.d5 Na5 10.Bg5 Bf5 11.Nd4 Bd7 12.Rc1 c5 13.dxc6 Nxc6 14.Nxc6 Bxc6 15.Nd5 
Bxd5 16.Bxd5 Qa5 17.Rc2 e6 18.Bd2 Qc5 19.Bg2 b5 20.Bf4 Rbd8 21.Qd3 Ng4 22.
cxb5 Qxb5 23.Rc6 Qh5 24.h3 Ne5 25.Bxe5 dxe5 26.Qc2 e4 27.Qxe4 a5 28.Rfc1 
Rd2 29.R1c2 Rd4 30.Qe3 Rd1+ 31.Kh2 a4 32.R6c4 axb3 33.Qxb3 Qf5 34.Bf3 Qa5 
35.Rb4 Bf6 36.e3 Ra1 37.Qa4 Qd8 38.Qb5 h5 39.h4 Kg7 40.Kg2 Re8 41.a4 Re7 
42.Rb1 Rxb1 43.Qxb1 Ra7 44.Bc6 Qd6 45.Rc4 Bd8 46.Qe4 Bb6 47.Qb1 Bc5 48.Qb5
Ba3 49.a5 Qc7 50.a6 Qe7 51.Qb6 1-0

[Event "56th World U20 ch"]
[Site "Tarvisio ITA"]
[Date "2017.11.21"]
[Round "8.40"]
[White "Bakhmatsky, Vladislav"]
[Black "Urbanc, Peter"]
[Result "1-0"]
[WhiteElo "2404"]
[BlackElo "2290"]
[EventDate "2017.11.13"]
[PlyCount "59"]

1.e4 b6 2.d4 Bb7 3.Bd3 e6 4.Nf3 d5 5.exd5 Qxd5 6.c4 Qd8 7.O-O Nf6 8.Nc3 
Be7 9.Re1 O-O 10.Qe2 Nbd7 11.Bf4 Bd6 12.Ne5 Re8 13.Rad1 Nf8 14.c5 Bxe5 15.
dxe5 Nd5 16.Qg4 Qe7 17.Nxd5 Bxd5 18.Re3 Qxc5 19.Rh3 Qb4 20.Qh4 g6 21.Qh6 
Qxb2 22.Re1 f5 23.exf6 Qxf6 24.Be5 Qf7 25.Rg3 Rad8 26.h4 Bc6 27.Bxg6 Nxg6 
28.h5 Be4 29.Rxe4 Rd1+ 30.Kh2 1-0

[Event "56th World U20 ch"]
[Site "Tarvisio ITA"]
[Date "2017.11.21"]
[Round "8.41"]
[White "Percivaldi, Martin"]
[Black "Micottis, Dorian"]
[Result "1/2-1/2"]
[WhiteElo "2388"]
[BlackElo "2273"]
[EventDate "2017.11.13"]
[PlyCount "74"]

1.c4 g6 2.e4 e5 3.d4 Nf6 4.dxe5 Nxe4 5.Bd3 Ng5 6.h4 Ne6 7.h5 Bg7 8.Nf3 Nc6
9.Qe2 d6 10.hxg6 hxg6 11.Rxh8+ Bxh8 12.exd6 Qxd6 13.Nc3 Bd7 14.Bg5 Ne5 15.
O-O-O Nxf3 16.gxf3 Qe5 17.Be3 O-O-O 18.Be4 Qa5 19.Rd5 c5 20.Qd2 f5 21.Bc2 
Bc6 22.Rxd8+ Qxd8 23.Nd5 Bxd5 24.cxd5 Nd4 25.Bb3 b6 26.Bxd4 Bxd4 27.Qe2 
Qf6 28.Qe8+ Kc7 29.Qa8 Bxb2+ 30.Kb1 Ba1 31.Qxa7+ Kc8 32.Qa8+ Kc7 33.Qa7+ 
Kc8 34.Qa6+ Kb8 35.Qe2 Qe5 36.Qxe5+ Bxe5 37.Ba4 Bd4 $11 1/2-1/2

[Event "56th World U20 ch"]
[Site "Tarvisio ITA"]
[Date "2017.11.21"]
[Round "8.42"]
[White "Makhnev, Denis"]
[Black "Doluweera, Minul Sanjula"]
[Result "1-0"]
[WhiteElo "2379"]
[BlackElo "2154"]
[EventDate "2017.11.13"]
[PlyCount "89"]

1.d4 Nf6 2.g3 d5 3.Bg2 c5 4.Nf3 cxd4 5.O-O Bd7 6.Nxd4 e5 7.Nb3 Bc6 8.Bg5 
Be7 9.Bxf6 Bxf6 10.e3 e4 11.Nd4 Qb6 12.Nc3 Qxb2 13.Qd2 O-O 14.Rab1 Qa3 15.
Ndb5 Qa5 16.Nxe4 Qxd2 17.Nxd2 Nd7 18.Nc7 Rac8 19.Nxd5 Bxd5 20.Bxd5 Rxc2 
21.Ne4 b6 22.Rfd1 Be5 23.Bb3 Rc7 24.Rd5 Re8 25.Rbd1 Nf6 26.Nd6 Bxd6 27.
Rxd6 h6 28.R1d4 Ree7 29.Bc4 Nd7 30.Kg2 Ne5 31.Bb5 Rc2 32.Re4 Rxa2 33.Rdd4 
Ng6 34.Rd8+ Kh7 35.Rxe7 Nxe7 36.Rd7 Ng6 37.Rxf7 Ra3 38.Bc6 Kg8 39.Rb7 Ne5 
40.Bd5+ Kf8 41.h3 Rd3 42.e4 a5 43.Rb8+ Ke7 44.Rxb6 a4 45.Re6+ 1-0

[Event "56th World U20 ch"]
[Site "Tarvisio ITA"]
[Date "2017.11.21"]
[Round "8.43"]
[White "Saiyn, Zhanat"]
[Black "Willathgamuwa, Kevin"]
[Result "1-0"]
[WhiteElo "2374"]
[BlackElo "1996"]
[EventDate "2017.11.13"]
[PlyCount "59"]

1.d4 d5 2.Nf3 Nf6 3.c4 c6 4.e3 e6 5.b3 Nbd7 6.Bd3 b6 7.O-O Bb7 8.Bb2 Be7 
9.Nc3 O-O 10.Qc2 Rc8 11.Rad1 Qc7 12.Ne5 h6 13.f4 dxc4 14.bxc4 c5 15.d5 
exd5 16.cxd5 a6 17.Bf5 Rcd8 18.Ne4 Bd6 19.Nxd7 Nxd7 20.Qc3 f6 21.Be6+ Kh8 
22.Nxd6 Qxd6 23.e4 b5 24.Qg3 Rfe8 25.e5 Qe7 26.Bf5 fxe5 27.fxe5 Nf8 28.Be4
Ne6 29.h4 c4 30.Qg6 1-0

[Event "56th World U20 ch"]
[Site "Tarvisio ITA"]
[Date "2017.11.21"]
[Round "8.44"]
[White "Harutiunian, Tigran"]
[Black "Ioannidis, Evgenios"]
[Result "1/2-1/2"]
[WhiteElo "2508"]
[BlackElo "2302"]
[EventDate "2017.11.13"]
[PlyCount "150"]

1.Nf3 d5 2.g3 Bg4 3.Bg2 Nd7 4.O-O e6 5.h3 Bh5 6.d4 Ngf6 7.c4 c6 8.cxd5 
exd5 9.Qb3 Qb6 10.Qe3+ Be7 11.Nh4 Bg6 12.Nc3 Qd8 13.b4 a6 14.a4 O-O 15.
Nxg6 hxg6 16.Rb1 Re8 17.Qd3 a5 18.bxa5 Qc8 19.e4 dxe4 20.Nxe4 Nxe4 21.Bxe4
Nf6 22.Bg2 Rxa5 23.Qb3 b5 24.Qc3 Rxa4 25.Qxc6 Rxd4 26.Be3 Rb4 27.Rxb4 Bxb4
28.Qxb5 Bd6 29.Bd4 Qb8 30.Qxb8 Bxb8 31.Rb1 Be5 32.Bc5 Nd7 33.Ba7 Bf6 34.
Bd5 Re5 35.Bc6 Re7 36.Be3 Ne5 37.Rb8+ Kh7 38.Bd5 Rd7 39.Rb5 g5 40.Kf1 Re7 
41.Kg2 g6 42.Bb3 Kg7 43.Rb6 Nd7 44.Rd6 Ne5 45.Rd5 Rb7 46.Ba4 Re7 47.Bb5 
Re6 48.Bd2 Kg8 49.Bc3 Kg7 50.Rc5 Re7 51.Rd5 Re6 52.Bd2 Kg8 53.Bb4 Nc6 54.
Bxc6 Rxc6 55.Bd2 Kg7 56.Bxg5 Bxg5 57.Rxg5 Rc3 58.Ra5 Rb3 59.h4 Rc3 60.g4 
Rc4 61.Kg3 Rc3+ 62.f3 Rc1 63.Re5 Rc4 64.Ra5 Rb4 65.h5 Rc4 66.Re5 Ra4 67.
Re4 Ra5 68.hxg6 Kxg6 69.Rb4 Rc5 70.f4 Rc3+ 71.Kh4 Rc6 72.Rb5 Ra6 73.g5 Kg7
74.Kg4 Rc6 75.Rb4 Ra6 {... 114 moves} 1/2-1/2

[Event "56th World U20 ch"]
[Site "Tarvisio ITA"]
[Date "2017.11.21"]
[Round "8.45"]
[White "Tahay, Alexis"]
[Black "Schoppen, Casper"]
[Result "0-1"]
[WhiteElo "2285"]
[BlackElo "2432"]
[EventDate "2017.11.13"]
[PlyCount "78"]

1.e4 e5 2.Nf3 Nc6 3.Bb5 a6 4.Ba4 Nf6 5.O-O Be7 6.Re1 b5 7.Bb3 d6 8.c3 O-O 
9.h3 Nb8 10.d4 Nbd7 11.Nbd2 c5 12.d5 Qc7 13.Bc2 c4 14.a4 Bb7 15.Nf1 Nc5 
16.Ng3 g6 17.Bg5 Rfb8 18.Nh4 Nxd5 19.Qg4 Bxg5 20.Qxg5 Qe7 21.Qg4 Nf4 22.
Nhf5 Qf6 23.Ne3 h5 24.Qd1 Ncd3 25.Bxd3 Nxd3 26.Re2 Qg5 27.h4 Qxh4 28.b3 
Qg5 29.bxc4 bxc4 30.Nxc4 Nf4 31.Re3 h4 32.Qxd6 hxg3 33.fxg3 Ne6 34.Rb1 Rd8
35.Qxe5 Rac8 36.Rb4 Qxe5 37.Nxe5 Rc7 38.Nc4 Nc5 39.Na5 Bxe4 0-1

[Event "56th World U20 ch"]
[Site "Tarvisio ITA"]
[Date "2017.11.21"]
[Round "8.46"]
[White "Gomez Sanchez, Jorge Marcos"]
[Black "Silva, David"]
[Result "1-0"]
[WhiteElo "2426"]
[BlackElo "2285"]
[EventDate "2017.11.13"]
[PlyCount "69"]

1.e4 c5 2.Nf3 d6 3.Nc3 Nc6 4.d4 cxd4 5.Nxd4 Nf6 6.h3 g6 7.g4 Bg7 8.Be3 O-O
9.Bg2 Bd7 10.Nde2 Rc8 11.Qd2 Ne5 12.b3 Qa5 13.Rd1 Nc6 14.O-O b5 15.f4 b4 
16.Nd5 Nxd5 17.exd5 Nb8 18.a4 Rc7 19.f5 Bc8 20.Nd4 Rc3 21.Nb5 Ba6 22.Nxc3 
Bxf1 23.Rxf1 bxc3 24.Qf2 a6 25.Qh4 Qc7 26.g5 Nd7 27.f6 exf6 28.gxf6 Bh8 
29.Bd4 Rb8 30.Re1 Ne5 31.Re4 a5 32.Qf4 Rb4 33.Rxe5 dxe5 34.Qxe5 Qd8 35.
Bxc3 1-0

[Event "56th World U20 ch"]
[Site "Tarvisio ITA"]
[Date "2017.11.21"]
[Round "8.47"]
[White "Milosevic, Milos"]
[Black "Huber, Martin Christian"]
[Result "1-0"]
[WhiteElo "2249"]
[BlackElo "2396"]
[EventDate "2017.11.13"]
[PlyCount "63"]

1.e4 e5 2.Nc3 Nf6 3.Bc4 Nxe4 4.Nf3 Nxc3 5.dxc3 f6 6.O-O d6 7.Nh4 g6 8.f4 
Qe7 9.f5 Qg7 10.Be3 Nc6 11.Qf3 Na5 12.Be2 g5 13.Qd5 Nc6 14.Nf3 Ne7 15.Qe4 
d5 16.Qa4+ Bd7 17.Qb3 Nxf5 18.Qxb7 Rd8 19.Bf2 g4 20.Nh4 Nd6 21.Qxd5 Be7 
22.Bd3 h5 23.Rae1 c6 24.Qb3 a5 25.a4 Qg8 26.Qxg8+ Rxg8 27.Bh7 Rh8 28.Bg6+ 
Kf8 29.Bd3 Be8 30.Bg3 Kg7 31.Re2 c5 32.c4 {... 43 moves} 1-0

[Event "56th World U20 ch"]
[Site "Tarvisio ITA"]
[Date "2017.11.21"]
[Round "8.48"]
[White "Tuomainen, Felix"]
[Black "Mohammad, Nubairshah Shaikh"]
[Result "0-1"]
[WhiteElo "2214"]
[BlackElo "2394"]
[EventDate "2017.11.13"]
[PlyCount "66"]

1.d4 Nf6 2.c4 g6 3.Nc3 d5 4.Qa4+ Bd7 5.Qd1 Bc6 6.Nf3 dxc4 7.Ne5 Bg7 8.Nxc6
Nxc6 9.e3 Na5 10.Qa4+ Nc6 11.Qxc4 O-O 12.Be2 e5 13.dxe5 Nxe5 14.Qb5 c6 15.
Qxb7 Nd3+ 16.Kf1 Qd6 17.Qa6 Nxc1 18.Rxc1 Qd2 19.Rb1 Rab8 20.Qa3 Rfd8 21.g3
Bf8 22.Qa6 Rb6 23.Qxa7 Rdb8 24.Kg2 Rxb2 25.Rbc1 R8b7 26.Qd4 Qxd4 27.exd4 
Bh6 28.f4 g5 29.Rhf1 gxf4 30.gxf4 Nh5 31.Kf3 Nxf4 32.Bc4 Rxh2 33.Rh1 Rbb2 
{... 48 moves} 0-1

[Event "56th World U20 ch"]
[Site "Tarvisio ITA"]
[Date "2017.11.21"]
[Round "8.49"]
[White "Nikitenko, Mikhail"]
[Black "Kumar, Gaurav"]
[Result "1-0"]
[WhiteElo "2376"]
[BlackElo "2297"]
[EventDate "2017.11.13"]
[PlyCount "111"]

1.e4 e5 2.Nf3 Nc6 3.Bb5 a6 4.Ba4 Nf6 5.d3 d6 6.c4 Be7 7.h3 O-O 8.Be3 Nd7 
9.Nc3 Re8 10.Rb1 Nf8 11.d4 exd4 12.Nxd4 Bd7 13.Nxc6 bxc6 14.O-O Ng6 15.c5 
Bf8 16.b3 Qh4 17.f4 Rad8 18.Qf3 Qf6 19.Rbc1 Qh4 20.Rcd1 Qf6 21.Bd4 Qh4 22.
cxd6 cxd6 23.Bb6 Qe7 24.Bc7 Qf6 25.Bxd8 Qxd8 26.Kh1 Qc8 27.Rc1 Qb7 28.Rfd1
Qb4 29.e5 Qxf4 30.Qxf4 Nxf4 31.exd6 Re6 32.Bxc6 Bxc6 33.d7 Bxd7 34.Rxd7 h6
35.Nd5 Nxd5 36.Rxd5 Ba3 37.Rc2 Bd6 38.g4 Bb4 39.Rd4 a5 40.Rd5 Re3 41.Kg2 
Kh7 42.Rf5 Kg6 43.Rf3 Re6 44.Rd3 Rf6 45.Rd5 Re6 46.a3 Bxa3 47.Rxa5 Bb4 48.
Rb5 Be1 49.Kf3 Rf6+ 50.Ke4 Re6+ 51.Re5 Rb6 52.Kd5 Bg3 53.Re3 Bf4 54.Rf3 
Kg5 55.Kc5 Rf6 56.Rcf2 {... 77 moves} 1-0

[Event "56th World U20 ch"]
[Site "Tarvisio ITA"]
[Date "2017.11.21"]
[Round "8.50"]
[White "Tran Minh Thang"]
[Black "Pang Tao"]
[Result "1-0"]
[WhiteElo "2361"]
[BlackElo "2192"]
[EventDate "2017.11.13"]
[PlyCount "67"]

1.d4 d5 2.c4 e6 3.Nc3 Nf6 4.cxd5 exd5 5.Bg5 Be7 6.e3 O-O 7.Bd3 h6 8.Bf4 c5
9.dxc5 Bxc5 10.Nf3 Nc6 11.O-O Qe7 12.h3 a6 13.Rc1 Rd8 14.Ne2 g5 15.Bh2 g4 
16.hxg4 Bxg4 17.Qc2 Ne4 18.Bxe4 dxe4 19.Qxc5 Qxc5 20.Rxc5 exf3 21.Nc3 Rd3 
22.Bf4 Kg7 23.Kh2 fxg2 24.Kxg2 Ne7 25.Kg3 h5 26.f3 Bf5 27.e4 h4+ 28.Kxh4 
Rh8+ 29.Kg3 Be6 30.Kf2 Ng6 31.Rg1 Rh3 32.Bg3 Rd2+ 33.Ke3 Rxb2 34.Be5+ 1-0

[Event "56th World U20 ch"]
[Site "Tarvisio ITA"]
[Date "2017.11.21"]
[Round "8.51"]
[White "Dimic, Pavle"]
[Black "Signorelli, Gaetano"]
[Result "1-0"]
[WhiteElo "2357"]
[BlackElo "2193"]
[EventDate "2017.11.13"]
[PlyCount "65"]

1.d4 d5 2.c4 Nc6 3.Nf3 Bg4 4.Nc3 e6 5.cxd5 exd5 6.Bf4 Bxf3 7.gxf3 Bd6 8.
Bg3 Nge7 9.e3 h5 10.Qb3 Bb4 11.h4 Nf5 12.Bb5 Qe7 13.O-O-O Bxc3 14.Qxc3 O-O
15.Bf4 Nd6 16.Bd3 Qe6 17.Rdg1 g6 18.Rg5 Kg7 19.Rhg1 Rh8 20.Kb1 Rh7 21.Be5+
Kh6 22.f4 Ne7 23.Bxd6 Qxd6 24.f5 Rg8 25.Qd2 Kg7 26.f4 Rh6 27.fxg6 fxg6 28.
f5 Kf7 29.fxg6+ Nxg6 30.Qf2+ Ke7 31.Qf5 Rf8 32.Rxg6 Rxg6 33.Qxg6 1-0